| 000 | 01222pam a2200373 a 4500 | ||
|---|---|---|---|
| 001 | 497480 | ||
| 003 | OSt | ||
| 005 | 20260422082703.0 | ||
| 008 | 850426s1986 nyua j 000 1 eng | ||
| 010 | _a 85011018 | ||
| 020 |
_a069830747X : _c$7.99 |
||
| 020 |
_a0698206231 (pbk.) : _c$4.95 |
||
| 020 | _a9780698206236 | ||
| 035 | _a497480 | ||
| 040 |
_aDLC _cDLC _dDLC |
||
| 042 | _alcac | ||
| 050 | 0 | 0 |
_aPZ7.Y78 _bCmi 1986 |
| 082 | 0 | 0 |
_a[E] _219 |
| 100 | 1 | _aYolen, Jane. | |
| 245 | 1 | 0 |
_aCommander Toad and the intergalactic spy / _cby Jane Yolen ; pictures by Bruce Degen. |
| 260 |
_aNew York : _bCoward-McCann, _cc1986. |
||
| 300 |
_a64 p. : _billus. (some col.) ; _c23 cm. |
||
| 336 |
_atext _btxt _2rdacontent |
||
| 337 |
_aunmediated _bn _2rdamedia |
||
| 338 |
_avolume _bnc _2rdacarrier |
||
| 490 | 0 | _aA Break-of-day book | |
| 520 | _aCommander Toad and the crew of Star Warts are asked to rout out Tip Toad, Space Fleet's greatest and most elusive spy. | ||
| 650 | 1 |
_aToads _xFiction. |
|
| 650 | 1 | _aScience fiction. | |
| 700 | 1 |
_aDegen, Bruce, _eill. |
|
| 906 |
_a7 _bcbc _corignew _d1 _eocip _f19 _gy-gencatlg |
||
| 942 |
_2lcc _cBK |
||
| 999 |
_c266225 _d266224 |
||